| 000 | 00716nam a2200193 a 4500 | ||
|---|---|---|---|
| 001 | 000043854 | ||
| 005 | 20201002045016.0 | ||
| 008 | 140507s1972 sp 000 0 spa d | ||
| 040 |
_aDO-SdBNP _bspa _cBNPHU |
||
| 082 |
_axxxx _bxxxx |
||
| 245 | 0 | 0 |
_aEl Censor : _b(1781-1787) / _cintroducción de José F. Montesinos ; edición, prólogo y notas de E. García Pandavenes. |
| 260 |
_aBarcelona : _bLabor, _c1972. |
||
| 300 |
_a324 p ; _c18 cm. |
||
| 490 | 1 |
_aTextos hispánicos modernos _v19 |
|
| 504 | _aBibliografía : p. 57-59 | ||
| 500 | _aIncluye referencias bibliográficas y notas al pie de las páginas | ||
| 700 | 1 | 2 |
_aGarcía Pandavenes, Elsa _eed. _971719 |
| 830 | 0 |
_aTextos hispánicos modernos ; _n19 _971720 |
|
| 999 |
_c43343 _d43343 |
||